000 00672nam a2200205 i 4500
001 37222
003 ES-MaACL
005 20251013220026.0
007 t|
008 030220s1905 xxk ||||1| eng d
100 1 _aBunyan, John (
_d1628-1688)
_932557
245 1 0 _aLife and death of Mr. Badman and the Holy war /
_cJohn Bunyan ; the texte edited by John Brown.
260 _aCambridge :
_bThe University Press,
_c1905 (
_fJohn Clay)
300 _aVIII, 430 p. ;
_c20 cm.
490 1 _aCambridge English Classics
700 1 _aBrown, John,
_d1830-1922
_9162352
830 1 _aCambridge English Classics
_9181697
852 _aES-MaACL
_jC-752
999 _c37222
_d37222